| 000 | 00706nam a2200229Ia 4500 | ||
|---|---|---|---|
| 003 | GCL | ||
| 008 | 140319s9999 xx 000 0 ara d | ||
| 040 |
_aGCL / _cGCL |
||
| 082 | 0 | 4 |
_a953.0738 _bس ص |
| 100 | 1 | _aسوسن محمد نصر | |
| 245 | 1 | 0 |
_aصور حضارية من التاريخ الاسلامى / _cسوسن محمد نصر |
| 490 | _a | ||
| 650 | 0 | 4 | _aالفلسفة |
| 650 | 0 | 4 | _aالتاريخ الاسلامى |
| 650 | 0 | 4 | _aالصناعة |
| 650 | 0 | 4 | _aالحياة الدينية |
| 650 | 0 | 4 | _aابوحنيفة النعمان |
| 650 | 0 | 4 | _aالحاكم بامرالله |
| 650 | 0 | 4 | _aمصر - تاريخ |
| 650 | 0 | 4 | _aجعفر بن منصور اليمنى |
| 942 |
_2ddc _cBK |
||
| 999 |
_c39653 _d39653 |
||